LEADER 01645nas 2200445- 450 001 9910140945903321 005 20260218111524.0 011 $a1848-9923 035 $a(CKB)2670000000053895 035 $a(CONSER)--2017214308 035 $a(DE-599)ZDB2922878-5 035 $a(DE-599)2922878-5 035 $a(EXLCZ)992670000000053895 100 $a20170831a20099999 --- - 101 0 $aeng 181 $ctxt$2rdacontent 182 $cc$2rdamedia 183 $acr$2rdacarrier 200 00$aCroatian journal of food science and technology 210 1$aOsijek :$cFaculty of Food Technology Osijek, University of Josip Juraj Strossmayer in Osijek,$d2009- 215 $a1 online resource 300 $aRefereed/Peer-reviewed 311 08$aPrint version: Croatian journal of food science and technology. (DLC) 2017214308 (OCoLC)1002306895 1847-3466 517 1 $aCJFST 531 0 $aCroat. j. food sci. technol. 606 $aFood$xResearch$vPeriodicals 606 $aFood industry and trade$xResearch$vPeriodicals 606 $aFood industry and trade$xResearch$2fast$3(OCoLC)fst00930924 606 $aFood$xResearch$2fast$3(OCoLC)fst00930596 608 $aPeriodicals.$2fast 615 0$aFood$xResearch 615 0$aFood industry and trade$xResearch 615 7$aFood industry and trade$xResearch. 615 7$aFood$xResearch. 712 02$aSveuc?ilis?te Josipa Jurja Strossmayera u Osijeku.$bPrehrambeno-tehnolos?ki fakultet Osijek. 906 $aJOURNAL 912 $a9910140945903321 920 $aexl_impl conversion 996 $aCroatian journal of food science and technology$91993564 997 $aUNINA LEADER 00995nam 2200265 450 001 996691279803316 005 20260222164241.0 100 $a20251124f1986----km y0itay5003 ba 101 0 $aita 102 $aIT 105 $ay 00 y 200 1 $a<> chiesa cattolica e lo stato italiano di fronte al fenomeno delle sette religiose$eriflessioni su un recente documento vaticano$fPasquale Colella 210 $a[S.l.$cs.n.$d1986] 215 $a[115]-132 p.$d24 cm 300 $aEstratto da: II pluralismo confessionale nella attuazione della costituzione : atti del convegno di studi : Roma, 3 giugno 1986 606 0 $aSette religiose$xAtti di congressi$2BNCF 676 $a209 700 1$aCOLELLA,$bPasquale$0237132 801 0$aIT$bcba$gREICAT 912 $a996691279803316 951 $aXVI.7.Misc. 935$b946 FBUO$cXVI.7.Misc. 959 $aBK 969 $aFBUO 996 $aChiesa cattolica e lo stato italiano di fronte al fenomeno delle sette religiose$94465587 997 $aUNISA